000 00175nam a2200073Ia 4500
008 170524s9999 xx 000 0 und d
100 _aSAHU
245 0 _aSALESMANSHIP AND SALES MANAGEMENT
260 _bHIMALAYA
999 _c7941
_d7941